00819njm a2200253Ia 4500001000600000003000900006005001700015008004100032040001300073040001300086041001300099100001100112100001800123100003800141245003000179250001100209260000900220260006300229300001700292300003000309500002800339505014700367650005100514B2018IT-RoPAU20220918181117.0131025s9999 xx 000 0 und d aIT-RoPAU cIT-RoPAU aITALIANO aAA.VV. eAutore musica gCodice autore musica SPICS: 12000 aCanzoni e comunicazione 4 a1a ed. aROMA bSPICS RECORDSc1992 [1a Ed.:1992 - Ed. Lingua Orig.: 1992] aMUSICASSETTA c60 minuti (Testo: 0 pag.) aMusica leggera. Canzone aIl cinema - Stasera al cinema - Preferisco non andare al cinema - Cinema per un cantautore - Al cinema - E cinema - Se non ci fosse il cinema. aCANZONE [CASSETTE]eCodice MATERIA SPICS: 9951